000 00757nam a2200241 a 4500
001 BRCA_7024
005 20190320205700.0
008 291111s1943----nyua#####d---#000-0#eng-#
041 _aeng
044 _anyu
050 4 _aSB320.3
_b.T53
_c1943
100 1 _aTiedjens, Victor A.
_917469
245 1 0 _aThe vegetable encyclopedia and garden´s guide
_cVíctor A. Tiedjens ; illustred by Tabea Hofmann
260 _aNueva York
_bThe New Home Library
_c1943
300 _a307 p.
_bil.
_c21 cm.
500 _aDiccionario inventariado por Banco de México como libro
500 _aI172
650 1 4 _aHortalizas
_xDiccionarios
_917470
650 1 4 _aJardinería
_xDiccionarios
_917021
700 1 _aHofmann, Tabea
_eil.
_917471
902 _aGFM
942 _2lcc
_cB
999 _c6705
_d6705